[Event "Toronto Howard Ridout Swiss U2000"]
[Site "Toronto"]
[Date "2010.10.21"]
[Round "6"]
[White "Su, Stanley"]
[Black "Jizan, Masoud"]
[Result "1-0"]
[WhiteElo "1774"]
[BlackElo "1819"]
[PlyCount "98"]
[EventDate "2010.09.09"]
[EventType "swiss"]
[EventRounds "6"]
[EventCountry "CAN"]
[SourceTitle "EXT 2022"]
[Source "ChessBase"]
[SourceDate "2021.10.06"]
[SourceVersion "1"]
[SourceVersionDate "2021.10.06"]
[SourceQuality "1"]

1. e4 c5 2. Na3 Nc6 3. Bb5 Qb6 4. c3 Nf6 5. d3 g6 6. f4 d6 7. Nf3 Bg7 8. Bxc6+ Qxc6 9. 0-0 Bg4 10. h3 Bc8 11. Nc2 b5 12. e5 Nd7 13. d4 Bb7 14. Ne3 dxe5 15. fxe5 Rd8 16. Qb3 c4 17. Qb4 Qb6 18. a4 a6 19. axb5 axb5 20. Ra5 Bc6 21. d5 Bxd5 22. Rxb5 Qa7 23. Rxd5 0-0 24. Ra5 Qb6 25. Qxb6 Nxb6 26. Rb5 Rb8 27. Nd5 Nxd5 28. Rxd5 Rbc8 29. Rfd1 Rc6 30. Rd8 Rc5 31. Rxf8+ Bxf8 32. Rd8 Kg7 33. Rd4 e6 34. Bg5 Rc8 35. Bf6+ Kg8 36. Rd8 Rxd8 37. Bxd8 Bc5+ 38. Kf1 Be3 39. Bg5 Bxg5 40. Nxg5 h6 41. Ne4 Kf8 42. Nd6 Ke7 43. Nxc4 Kd7 44. Ke2 Kc6 45. Kd3 Kd5 46. b4 g5 47. b5 h5 48. b6 Kc6 49. Kd4 Kb5 1-0

[Event "CAN-ch U14"]
[Site "Windsor"]
[Date "2010.07.09"]
[Round "7"]
[White "Su, Stanley"]
[Black "Gagnon, Justin"]
[Result "1-0"]
[WhiteElo "1608"]
[BlackElo "1824"]
[PlyCount "63"]
[EventDate "2010.07.06"]
[EventType "swiss"]
[EventRounds "7"]
[EventCountry "CAN"]
[SourceTitle "EXT 2012"]
[Source "ChessBase"]
[SourceDate "2011.11.24"]
[SourceVersion "1"]
[SourceVersionDate "2011.11.24"]
[SourceQuality "1"]

1. e4 e6 2. f4 d5 3. e5 f6 4. Nf3 Nc6 5. d4 f5 6. Be2 Nge7 7. Be3 b6 8. Nbd2 Bb7 9. 0-0 Qd7 10. c3 0-0-0 11. b4 Nb8 12. a4 Ba6 13. b5 Bb7 14. Ng5 Ng8 15. a5 h6 16. axb6 axb6 17. Ngf3 c6 18. Qb3 cxb5 19. Bxb5 Bc6 20. Ba6+ Nxa6 21. Rxa6 b5 22. Rfa1 Be7 23. c4 dxc4 24. Nxc4 bxc4 25. Qxc4 Qd5 26. Rxc6+ Kd7 27. Qxd5+ exd5 28. Rca6 Rb8 29. Ra7+ Ke6 30. R7a6+ Kf7 31. Bc1 Rb7 32. Ra7 1-0

[Event "CAN-ch U14"]
[Site "Windsor"]
[Date "2010.07.08"]
[Round "5"]
[White "Su, Stanley"]
[Black "Bacic, Andrew"]
[Result "1-0"]
[WhiteElo "1608"]
[BlackElo "1156"]
[PlyCount "49"]
[EventDate "2010.07.06"]
[EventType "swiss"]
[EventRounds "7"]
[EventCountry "CAN"]
[SourceTitle "EXT 2012"]
[Source "ChessBase"]
[SourceDate "2011.11.24"]
[SourceVersion "1"]
[SourceVersionDate "2011.11.24"]
[SourceQuality "1"]

1. e4 d5 2. exd5 Qxd5 3. Nc3 Qd8 4. d4 Nc6 5. Nf3 Bf5 6. Bb5 a6 7. Ba4 b5 8. Bb3 e6 9. 0-0 Nf6 10. Re1 Nb4 11. a3 Nbd5 12. Nxd5 Nxd5 13. Bg5 Be7 14. Bxe7 Nxe7 15. c3 0-0 16. Qd2 Ng6 17. Ne5 Nxe5 18. Rxe5 Qe7 19. Rae1 Rad8 20. Rxf5 g6 21. Rfe5 Rd6 22. Qf4 Rb8 23. h4 h5 24. d5 Re8 25. dxe6 1-0

[Event "CAN-ch U14"]
[Site "Windsor"]
[Date "2010.07.06"]
[Round "1"]
[White "Su, Stanley"]
[Black "Sohal, Tanraj"]
[Result "0-1"]
[WhiteElo "1608"]
[BlackElo "2094"]
[PlyCount "80"]
[EventDate "2010.07.06"]
[EventType "swiss"]
[EventRounds "7"]
[EventCountry "CAN"]
[SourceTitle "EXT 2012"]
[Source "ChessBase"]
[SourceDate "2011.11.24"]
[SourceVersion "1"]
[SourceVersionDate "2011.11.24"]
[SourceQuality "1"]

1. e4 c5 2. Na3 e6 3. c3 Nc6 4. f4 d5 5. e5 a6 6. Nf3 g6 7. Nc2 Bg7 8. d4 cxd4 9. Ncxd4 Nge7 10. Be3 0-0 11. Be2 Qc7 12. 0-0 f5 13. h4 h5 14. Ng5 Nxd4 15. Bxd4 Bh6 16. Rf3 Bxg5 17. hxg5 Kg7 18. Rh3 Rh8 19. Qb3 Bd7 20. c4 Bc6 21. Qb4 a5 22. Qd6 Qd7 23. cxd5 Nxd5 24. Qxd7+ Bxd7 25. Rf3 Bc6 26. Rf2 Rhd8 27. Bc4 Kf7 28. a3 Rac8 29. Bxd5 Rxd5 30. Bc3 Rcd8 31. Rc1 Rc5 32. Rff1 Rd3 33. Kf2 Rc4 34. Kg1 Rg3 35. Rf2 h4 36. Kh2 Rg4 37. Bd2 Rd4 38. Rc2 Rd3 39. Bc1 h3 40. Rc3 hxg2 0-1

[Event "Scarborough CC LH Summer U1700"]
[Site "Toronto"]
[Date "2010.06.17"]
[Round "7"]
[White "Su, Stanley"]
[Black "Smith, Maurice"]
[Result "1-0"]
[WhiteElo "1422"]
[BlackElo "1648"]
[PlyCount "55"]
[EventDate "2010.04.29"]
[EventType "swiss"]
[EventRounds "8"]
[EventCountry "CAN"]
[SourceTitle "EXT 2022"]
[Source "ChessBase"]
[SourceDate "2021.10.06"]
[SourceVersion "1"]
[SourceVersionDate "2021.10.06"]
[SourceQuality "1"]

1. e4 c5 2. Nf3 d6 3. d4 cxd4 4. Nxd4 Nf6 5. Nc3 g6 6. Be3 Bg7 7. f3 0-0 8. Qd2 Nc6 9. 0-0-0 Bd7 10. h4 h5 11. Bh6 Nxd4 12. Bxg7 Nb3+ 13. cxb3 Kxg7 14. Kb1 Rc8 15. Be2 Qa5 16. Rdg1 Rc7 17. g4 Rfc8 18. gxh5 Nxh5 19. f4 Rh8 20. f5 Bc6 21. Qg5 Qe5 22. Bxh5 Bxe4+ 23. Nxe4 Qxe4+ 24. Ka1 Rc5 25. Bxg6 f6 26. Qg3 Qe5 27. Qg4 Kf8 28. Bh5 1-0